Noticias históricas de Santo Domingo / (Registro nro. 13551)
[ vista simple ]
| 000 -LEADER | |
|---|---|
| fixed length control field | 00812nam a2200241 a 4500 |
| 001 - CONTROL NUMBER | |
| control field | |
| 003 - CONTROL NUMBER IDENTIFIER | |
| control field | DO-SdBNP |
| 005 - DATE AND TIME OF LATEST TRANSACTION | |
| control field | 20210602112504.0 |
| 008 - FIXED-LENGTH DATA ELEMENTS--GENERAL INFORMATION | |
| fixed length control field | 110201s19781983 dr 000 0 spa d |
| 040 ## - CATALOGING SOURCE | |
| Original cataloging agency | BPMSU |
| Language of cataloging | spa |
| Transcribing agency | BPMSU |
| 082 ## - DEWEY DECIMAL CLASSIFICATION NUMBER | |
| Classification number | 972.9303 |
| Item number | U92n |
| Edition number | 22 |
| 100 1# - MAIN ENTRY--PERSONAL NAME | |
| Personal name | Utrera, Cipriano de, |
| Dates associated with a name | 1886-1958 |
| 245 10 - TITLE STATEMENT | |
| Title | Noticias históricas de Santo Domingo / |
| Statement of responsibility, etc. | Cipriano de Utrera ; edición Emilio Rodríguez Demorizi. |
| 260 ## - PUBLICATION, DISTRIBUTION, ETC. (IMPRINT) | |
| Place of publication, distribution, etc. | Santo Domingo : |
| Name of publisher, distributor, etc. | Fundación Rodríguez Demorizi, |
| Date of publication, distribution, etc. | 1978-1983. |
| 300 ## - PHYSICAL DESCRIPTION | |
| Extent | v. ; |
| Dimensions | 23 cm. |
| 500 ## - GENERAL NOTE | |
| General note | Incluye índice de personas, lugares y materias. |
| 500 ## - GENERAL NOTE | |
| General note | |
| 590 ## - LOCAL NOTE (RLIN) | |
| Local note | Inventariado, 2021/VM |
| 651 #4 - SUBJECT ADDED ENTRY--GEOGRAPHIC NAME | |
| Geographic name | República Dominicana |
| General subdivision | Historia |
| Chronological subdivision | Colonia, 1503-1795 |
| Form subdivision | Fuentes |
| 700 #2 - ADDED ENTRY--PERSONAL NAME | |
| Personal name | Rodríguez Demorizi, Emilio, |
| Dates associated with a name | 1908-1986 |
| Relator term | ed. |
| 910 ## - USER-OPTION DATA (OCLC) | |
| User-option data | VMateo |
| 942 ## - ADDED ENTRY ELEMENTS (KOHA) | |
| Source of classification or shelving scheme | Dewey Decimal Classification |
| Koha item type | Libros |
| Withdrawn status | Lost status | Source of classification or shelving scheme | Damaged status | Not for loan | Collection code | Home library | Current library | Date acquired | Source of acquisition | Coded location qualifier | Full call number | Barcode | Date last seen | Copy number | Price effective from | Koha item type | Total Checkouts |
|---|---|---|---|---|---|---|---|---|---|---|---|---|---|---|---|---|---|
| Dewey Decimal Classification | Colección Dominicana | Biblioteca Pública Metropolitana Salomé Ureña | Biblioteca Pública Metropolitana Salomé Ureña | 06/02/2021 | Reyes Duluc | BPMSU CD 972.9303 U92n 1983 | BPMSU21060013 | 06/02/2021 | v.6 | 06/02/2021 | Libros | ||||||
| Dewey Decimal Classification | Colección Dominicana | Biblioteca Pública Metropolitana Salomé Ureña | Biblioteca Pública Metropolitana Salomé Ureña | 06/02/2021 | BPMSU CD 972.9303 U92n 1983 | BPMSU24070084 | 07/18/2024 | v.1 | 06/02/2021 | Libros |